00578nam a2200193 a 450000100100000000500170001000800410002702000150006804000250008308200170010810000460012524500590017126000300023030000210026049000290028165000210031065000260033183000270035700004005720201002033907.0130805s2005 sp 000 0 spa d a8498150043 aDO-SdBNPbspacBNPHU a862.3bC146a1 aCalderón de la Barca, Pedro,d1600-168110aEl alcalde de Zalamea /cPedro Calderón de la Barca. aMadrid :bEl pais,c2005. a127 p. ;c21 cm.1 aClásicos españoles ; 4aTeatro español 4aLiteratura española 0aClásicos españoles